[Event "Balatonbereny op"]
[Site "Balatonbereny"]
[Date "1994.??.??"]
[Round "9"]
[White "Zimmerman, Yuri"]
[Black "Ruck, Robert"]
[Result "0-1"]
[WhiteElo "2320"]
[BlackElo "2435"]

1.d4 Nf6 2.c4 g6 3.Nc3 d5 4.cxd5 Nxd5 5.e4 Nxc3 6.bxc3 Bg7 7.Nf3 c5 8.Rb1 O-O
9.Be2 b6 10.O-O Bb7 11.Qd3 Ba6 12.Qe3 Qc8 13.Bd2 e6 14.Ne5 Bxe2 15.Qxe2 Nc6
16.Nxc6 Qxc6 17.Qe3 cxd4 18.cxd4 Qa4 19.Rb4 Qxa2 20.Bc3 Qa6 21.d5 Bxc3 22.Qxc3 exd5
23.exd5 Rfd8 24.Qe5 Qa5 25.Rd4 Qc5 26.h4 Re8 27.Qf4 Rad8 28.d6 Qe5 29.Qd2 Rd7
30.Rd1 Re6 31.Rd5 Qf6 32.h5 gxh5 33.Qd3 h6 34.Rc1 h4 35.Rc8+ Kg7 36.Qd1 Qf4
37.Qa1+ Rf6 38.Qb2 Rxd6 39.Rc4 Qxc4 40.Rxd6 Qf4 41.Rd4 Qg5 42.Rd6 h3 43.g3 Qf5
44.f4 Qc5+  0-1

[Event "Oberliga Bayern9394"]
[Site "Bayern"]
[Date "1994.??.??"]
[Round "?"]
[White "Haag, Wolfgang"]
[Black "Liepold, Stefan"]
[Result "1/2-1/2"]
[WhiteElo "2290"]
[BlackElo "2245"]

1.d4 Nf6 2.c4 g6 3.Nc3 d5 4.cxd5 Nxd5 5.e4 Nxc3 6.bxc3 Bg7 7.Qa4+ Nd7 8.Nf3 c5
9.Bg5 O-O 10.Rc1 Qc7 11.Bd3 b6 12.O-O Bb7 13.Bxe7 Rfe8 14.Bh4 Bxe4 15.Bb5 Bf5
16.Bg3 Qc8 17.Bc6 b5 18.Bxb5 a6 19.Bc4 Be6 20.Bxe6 Rxe6 21.Ng5 Qc6 22.Qc4 Re7
23.Rfe1 Rae8 24.Rxe7 Rxe7 25.Rd1 Bf6 26.Nf3 Qb5 27.Qxb5 axb5 28.Kf1 Re8 29.Rb1 Ra8
30.Rxb5 cxd4 31.cxd4 Rxa2 32.Rb7 Nf8 33.d5 Ra5 34.d6 Ne6 35.Ke2 Ra2+ 36.Ke3 Ra3+
37.Kd2 Ra2+ 38.Kc1 Ra1+ 39.Rb1 Rxb1+ 40.Kxb1 Kf8 41.Kc2 Nc5 42.Nd2 Ke8 43.f3 h6
44.Nc4 Kd7 45.Bf4 g5 46.Bg3 Ke6 47.Nd2 Bd4 48.h3 f5 49.Nb3 Nxb3 50.Kxb3 f4
51.Kc4 Bf6 52.Bf2 Kxd6 53.Ba7  1/2-1/2

[Event "Regionalliga SW9495"]
[Site "Bayern"]
[Date "1994.??.??"]
[Round "5"]
[White "Silberhorn, Helmut"]
[Black "Stoppa, Detlef"]
[Result "1-0"]
[WhiteElo "1985"]
[BlackElo "1900"]

1.d4 Nf6 2.c4 g6 3.Nc3 d5 4.cxd5 Nxd5 5.e4 Nxc3 6.bxc3 Bg7 7.Bc4 O-O 8.Ne2 c5
9.O-O Nc6 10.Be3 cxd4 11.cxd4 Bg4 12.f3 Na5 13.Bd3 Bd7 14.Rc1 b5 15.Qd2 a6
16.Bf4 Nc4 17.Bxc4 bxc4 18.Nc3 Bb5 19.Rfd1 Qd7 20.Nd5 Rfd8 21.Bg5 f6 22.Be3 Rab8
23.Bf4 Rb7 24.Qa5 Ba4 25.Rd2 Qb5 26.Qc3 Rc8 27.Qa3 e5 28.Nc3 Qb4 29.Qxa4 Qxa4
30.Nxa4 exf4 31.Nc5 Rb6 32.Rxc4 Bf8 33.Rdc2 Rbc6 34.Kf2 Kf7 35.Ke2 Bd6 36.Kd3 Ke7
37.Nb3 Kd7 38.Rxc6 Rxc6 39.Rxc6 Kxc6 40.Kc4 Bf8 41.Nc5 Bxc5 42.dxc5 g5 43.a3 h5
44.h3  1-0

[Event "Belgrade Trako"]
[Site "Belgrade"]
[Date "1994.??.??"]
[Round "4"]
[White "Stamenkovic, Zoran"]
[Black "Nestorovic, Dejan"]
[Result "1/2-1/2"]
[WhiteElo "2405"]
[BlackElo "2365"]

1.d4 Nf6 2.c4 g6 3.Nc3 d5 4.cxd5 Nxd5 5.e4 Nxc3 6.bxc3 Bg7 7.Bc4 O-O 8.Ne2 Nc6
9.O-O b6 10.Be3 Bb7 11.Rc1 Na5 12.Bd3 c5 13.d5 e5 14.c4 Bc8 15.h3 Qe7 16.f4 exf4
17.Bxf4 Be5 18.Qe1 Bd7 19.Qg3 Rae8 20.Kh1 f6 21.Rf3 Nb7 22.Rcf1 Kg7 23.Re3 Nd6
24.Bxe5 Qxe5 25.Nf4 Kg8 26.Rfe1 Re7 27.Qf2 Rfe8 28.R3e2 Kg7 29.Qg3 Kg8 30.Re3 a6
31.R3e2 b5 32.cxb5 axb5 33.Bb1 g5 34.Nh5 Qxg3 35.Nxg3 Re5 36.Nh5 Kf7 37.g4 f5
38.gxf5 Bxf5 39.Rf1 Ke7 40.Kh2 Bg6 41.Ng7 Rc8 42.Rfe1 Kf6 43.Ne6 Bf7 44.Rf2+ Ke7
45.Nxg5 Rxg5 46.e5 Bxd5 47.exd6+ Kxd6 48.Rf6+ Kc7 49.Re7+ Kd8 50.Re2 Kc7
51.Re7+ Kd8 52.Re2 Kc7 53.Re7+  1/2-1/2

[Event "Berliner Sommer"]
[Site "Berlin"]
[Date "1994.??.??"]
[Round "?"]
[White "Timoshenko, Georgy"]
[Black "Lagunow, Alexander"]
[Result "1-0"]
[WhiteElo "2550"]
[BlackElo "2405"]

1.d4 Nf6 2.c4 g6 3.Nc3 d5 4.cxd5 Nxd5 5.e4 Nxc3 6.bxc3 Bg7 7.Nf3 c5 8.Rb1 O-O
9.Be2 cxd4 10.cxd4 Qa5+ 11.Bd2 Qxa2 12.O-O Nd7 13.Ra1 Qe6 14.e5 Nb6 15.Ra5 Qd7
16.Qa1 a6 17.Qa2 Qd8 18.d5 Bg4 19.Re1 Rc8 20.Bf4 Bxf3 21.gxf3 Nc4 22.Bxc4 Rxc4
23.Bg5 b5 24.d6 f6 25.exf6 exf6 26.Bc1 Qxd6 27.Ba3 Qd5 28.Bxf8 Bxf8 29.Re4 Rc1+
30.Kg2 Qxa2 31.Rxa2 Rc6 32.Re8 b4 33.Ra8 b3 34.R2xa6 b2 35.Rxc6 b1=Q 36.Rxf6 Qb4
37.Kg3 Kg7 38.Raxf8 Qe1 39.R6f7+ Kh6 40.Kg2 Qe5 41.h4 Qd4 42.Rf4 Qe5 43.R8f7 Qe6
44.Rc7 g5 45.Rff7 gxh4 46.Rxh7+ Kg6  1-0

[Event "Berliner Sommer"]
[Site "Berlin"]
[Date "1994.??.??"]
[Round "?"]
[White "Beckhuis, Gernod"]
[Black "Muse, Mladen"]
[Result "0-1"]
[WhiteElo "2195"]
[BlackElo "2455"]

1.d4 Nf6 2.c4 g6 3.Nc3 d5 4.cxd5 Nxd5 5.e4 Nxc3 6.bxc3 Bg7 7.Bc4 O-O 8.Ne2 Qd7
9.Be3 b6 10.h4 Bb7 11.f3 c5 12.Qd2 cxd4 13.cxd4 Rc8 14.Bb3 Nc6 15.h5 e6 16.hxg6 hxg6
17.Rd1 Qe7 18.Kf2 Na5 19.d5 Nxb3 20.axb3 exd5 21.exd5 Qd6 22.Bd4 f6 23.Nf4 Kf7
24.g3 g5 25.Ne2 Qxd5 26.Qd3 g4 27.Ba1 Qxf3+ 28.Qxf3 Bxf3 29.Rd7+ Kg8 30.Rhd1 Rc2
31.R1d2 Rxd2 32.Rxd2 Bxe2 33.Rxe2 f5 34.Bxg7 Kxg7 35.Re7+ Kf6 36.Rb7 Rc8
37.Rxa7 Rc2+ 38.Ke3 Rc3+ 39.Kd4 Rxb3 40.Rb7 Rxg3 41.Rxb6+ Kg5 42.Rb5 Kf4  0-1

[Event "Berliner Sommer"]
[Site "Berlin"]
[Date "1994.??.??"]
[Round "?"]
[White "Gleizerov, Evgeny"]
[Black "Giemsa, Stephan"]
[Result "1-0"]
[WhiteElo "2520"]
[BlackElo "2295"]

1.d4 Nf6 2.c4 g6 3.Nc3 d5 4.cxd5 Nxd5 5.e4 Nxc3 6.bxc3 Bg7 7.Bb5+ c6 8.Ba4 O-O
9.Ne2 e5 10.O-O Re8 11.Qc2 b5 12.Bb3 a5 13.a4 Bb7 14.dxe5 Bxe5 15.f4 Bg7
16.f5 g5 17.f6 Bxf6 18.Bxg5 Bxg5 19.Rxf7 Kh8 20.e5 Be3+ 21.Kh1 Qh4 22.Qf5 Nd7
23.Qxd7 Rxe5 24.Qxb7 Rae8 25.Raf1 Bc5 26.Ng3 Rg5 27.Bc2  1-0

[Event "Berliner Sommer"]
[Site "Berlin"]
[Date "1994.??.??"]
[Round "?"]
[White "Golod, Vitali"]
[Black "Albrecht, Rainer"]
[Result "1-0"]
[WhiteElo "2505"]
[BlackElo "2285"]

1.d4 Nf6 2.c4 g6 3.Nc3 d5 4.cxd5 Nxd5 5.e4 Nxc3 6.bxc3 Bg7 7.Bc4 c5 8.Ne2 Nc6
9.Be3 O-O 10.O-O Bg4 11.f3 Na5 12.Bxf7+ Rxf7 13.fxg4 Rxf1+ 14.Kxf1 Qd6 15.e5 Qd5
16.Kg1 Rd8 17.Qc2 Nc4 18.Bg5 cxd4 19.cxd4 Nxe5 20.dxe5 Qxe5 21.Qb3+ e6 22.Bxd8 Qxa1+
23.Kf2 Bd4+ 24.Kf3 Qf1+ 25.Ke4 Qxe2+ 26.Kxd4 Qd2+ 27.Qd3 e5+ 28.Ke4 Qxg2+
29.Qf3 Qxa2 30.Be7 Qc2+ 31.Ke3 Qc3+ 32.Kf2 Qxf3+ 33.Kxf3 Kf7 34.Bb4 Kf6 35.Bd2 h5
36.h3 hxg4+ 37.hxg4 b5 38.Ke4 Ke6 39.g5 Kd6 40.Bb4+ Ke6 41.Bc5 a5 42.Bb6 a4
43.Bc5 Kd7 44.Kxe5 Kc6 45.Bb4  1-0

[Event "Berliner Sommer"]
[Site "Berlin"]
[Date "1994.??.??"]
[Round "?"]
[White "Held, P."]
[Black "Coenen, Norbert"]
[Result "0-1"]
[WhiteElo "2255"]
[BlackElo "2315"]

1.d4 Nf6 2.c4 g6 3.Nc3 d5 4.cxd5 Nxd5 5.e4 Nxc3 6.bxc3 Bg7 7.Bc4 c5 8.Ne2 Nc6
9.Be3 O-O 10.O-O Qc7 11.Rc1 Rd8 12.h3 b6 13.f4 e6 14.g4 Na5 15.Bd3 f5 16.Ng3 Bb7
17.gxf5 exf5 18.d5 fxe4 19.Bxe4 Nc4 20.d6 Nxd6 21.Bxb7 Qxb7 22.Qg4 Nc4 23.Rfe1 Re8
24.Kf2 Nxe3 25.Rxe3 Rxe3 26.Kxe3 Qd5 27.Rd1 Re8+ 28.Kf2 Qxa2+ 29.Ne2 Bxc3
30.Rd7 Bd4+  0-1

[Event "Berliner Sommer"]
[Site "Berlin"]
[Date "1994.??.??"]
[Round "?"]
[White "Kaspi, Alexander"]
[Black "Muse, Mladen"]
[Result "1-0"]
[WhiteElo "2420"]
[BlackElo "2455"]

1.d4 Nf6 2.c4 g6 3.Nc3 d5 4.cxd5 Nxd5 5.e4 Nxc3 6.bxc3 Bg7 7.Bc4 O-O 8.Ne2 Qd7
9.O-O b6 10.f4 Bb7 11.Qd3 b5 12.Bxb5 Qe6 13.Ng3 c5 14.d5 Qb6 15.Be3  1-0

[Event "Bern op"]
[Site "Bern"]
[Date "1994.??.??"]
[Round "7"]
[White "Mueller, L."]
[Black "Licina, Anita"]
[Result "0-1"]
[WhiteElo "2220"]
[BlackElo "2125"]

1.d4 Nf6 2.c4 g6 3.Nc3 d5 4.cxd5 Nxd5 5.e4 Nxc3 6.bxc3 Bg7 7.Nf3 O-O 8.Be2 c5
9.Rb1 b6 10.O-O Bb7 11.Qd3 Ba6 12.Qe3 Qc8 13.Re1 Bxe2 14.Qxe2 Qa6 15.dxc5 Bxc3
16.Qxa6 Nxa6 17.Re3 Bb4 18.cxb6 axb6 19.Ba3 Bxa3 20.Rxa3 Nc5 21.Re3 Rxa2
22.Rxb6 Ra1+ 23.Ne1 Rd8 24.Rb2 Rdd1 25.Rbe2 Nd3 26.Kf1 Nf4 27.Rc2 Nd3 28.Rce2 e5
29.g3 g5  0-1

[Event "DLM"]
[Site "Binz"]
[Date "1994.??.??"]
[Round "1"]
[White "Fuhrmann, Daniel"]
[Black "Lytchak, Alexander"]
[Result "1/2-1/2"]
[WhiteElo "2250"]
[BlackElo "2220"]

1.d4 Nf6 2.c4 g6 3.Nc3 d5 4.cxd5 Nxd5 5.e4 Nxc3 6.bxc3 Bg7 7.Bc4 c5 8.Be3 Nc6
9.Ne2 O-O 10.O-O Bd7 11.Qd2 Rc8 12.Rac1 Na5 13.Bd3 e6 14.Rfd1 Ba4 15.Re1 e5
16.dxc5 Qc7 17.c4 Rfd8 18.Nc3 Nxc4 19.Qe2 Nxe3 20.Nxa4 Ng4 21.Bc4 Nf6 22.Qb2 Rd4
23.Qb1 Bh6 24.Rc2 Nxe4 25.Qb5 Nd2 26.Bb3 Qc6 27.Qxc6 bxc6 28.Nb2 Nxb3 29.axb3 f6
30.Nc4 Bf8 31.Kf1 Rb8 32.Na5 Rc8 33.Ra1 Kf7 34.Nc4 Rc7 35.b4 Ke6 36.Ra6 Kd7
37.Ke2 Bg7 38.f3 Bh6 39.Kf2 Bf8 40.Ke2 Be7 41.g3 Bd8 42.Rd2 Rxd2+ 43.Kxd2 Kc8
44.Nd6+ Kb8 45.Kc3 Be7 46.Kc4 f5 47.g4 fxg4 48.fxg4 h5 49.gxh5 gxh5 50.Kd3 Bxd6
51.cxd6 Rb7 52.Kc4 Kc8 53.Rxc6+ Kd7 54.Kc5 e4 55.Ra6 Ke6  1/2-1/2

[Event "DLM"]
[Site "Binz"]
[Date "1994.??.??"]
[Round "6"]
[White "Hausrath, Daniel"]
[Black "Berndt, Stephan"]
[Result "0-1"]
[WhiteElo "2320"]
[BlackElo "2330"]

1.d4 Nf6 2.c4 g6 3.Nc3 d5 4.cxd5 Nxd5 5.e4 Nxc3 6.bxc3 Bg7 7.Bb5+ c6 8.Ba4 O-O
9.Ne2 e5 10.O-O Re8 11.f3 Nd7 12.Be3 Qa5 13.Bb3 Nb6 14.Rb1 Be6 15.Bxe6 Rxe6
16.Qb3 Qa6 17.Rfe1 Nc4 18.Bf2 Re7 19.Red1 Bh6 20.Qb4 Rd7 21.Nc1 Ne3 22.Nd3 Nxd1
23.Rxd1 Bf8 24.Qb3 exd4 25.Ne5 Re7 26.cxd4 Qb5 27.Qxb5 cxb5 28.Bh4 Rc7 29.d5 Rac8
30.Bg5 h6 31.Bf4 Bd6 32.Nxg6 Bxf4 33.Nxf4 Rc1 34.Rxc1 Rxc1+ 35.Kf2 Rc2+ 36.Ke3 Rxa2
37.e5 Kf8 38.d6 b4 39.Nd5 Ra5 40.Nxb4 Rxe5+  0-1

[Event "Bled op"]
[Site "Bled"]
[Date "1994.??.??"]
[Round "?"]
[White "Jelen, Iztok"]
[Black "Kodric, Martin"]
[Result "1-0"]
[WhiteElo "2380"]
[BlackElo "2255"]

1.d4 Nf6 2.c4 g6 3.Nc3 d5 4.cxd5 Nxd5 5.e4 Nxc3 6.bxc3 Bg7 7.Bb5+ c6 8.Ba4 O-O
9.Ne2 Be6 10.O-O Bc4 11.Bb3 Ba6 12.e5 c5 13.Re1 cxd4 14.cxd4 Nc6 15.Bb2 Nb4
16.Nf4 Bh6 17.Bc1 Bg7 18.d5 g5 19.Nh5 Nd3 20.Bxg5 Bxe5 21.Bh6 Bxh2+ 22.Kxh2 Qd6+
23.Kg1 Qxh6 24.Rxe7 Qg5 25.Re3 Kh8 26.Bc2 Rg8 27.g3 Nb4 28.Be4 f6 29.a3 Rge8
30.axb4  1-0

[Event "Bucharest-B"]
[Site "Bucharest"]
[Date "1994.??.??"]
[Round "?"]
[White "Bets, Anatolij"]
[Black "Tomescu, Vlad"]
[Result "1-0"]
[WhiteElo "2405"]
[BlackElo "2340"]

1.d4 Nf6 2.c4 g6 3.Nc3 d5 4.cxd5 Nxd5 5.e4 Nxc3 6.bxc3 Bg7 7.Bc4 O-O 8.Ne2 b6
9.Qd3 Nc6 10.h4 Na5 11.h5 Nxc4 12.Qxc4 c5 13.hxg6 hxg6 14.Bg5 cxd4 15.cxd4 Be6
16.Qd3 Qd6 17.Rd1 Rfc8 18.d5 Bd7 19.a3 f5 20.Bf4 fxe4 21.Qxe4 Qf6 22.d6 e5
23.Bh6 Bc6 24.Qg4 Bxh6 25.Rxh6 Kg7 26.Rh3 Rh8 27.Rxh8 Rxh8 28.Ng3 Qf4 29.Qxf4 exf4
30.Rc1 Bxg2 31.Ne2 Rh1+ 32.Kd2 Rxc1  1-0

[Event "Budapest Spring op"]
[Site "Budapest"]
[Date "1994.??.??"]
[Round "1"]
[White "Danner, Georg"]
[Black "Bodrogi, Mihaly"]
[Result "1-0"]
[WhiteElo "2440"]
[BlackElo "2160"]

1.d4 Nf6 2.c4 g6 3.Nc3 d5 4.cxd5 Nxd5 5.e4 Nxc3 6.bxc3 Bg7 7.Bc4 c5 8.Ne2 cxd4
9.cxd4 Qa5+ 10.Bd2 Qa3 11.Rb1 Nc6 12.d5 Ne5 13.Bb4 Qf3 14.Qa4+  1-0

[Event "Budapest FS04 GM"]
[Site "Budapest"]
[Date "1994.??.??"]
[Round "2"]
[White "Lugovoi, Aleksei"]
[Black "Liss, Eran"]
[Result "1/2-1/2"]
[WhiteElo "2425"]
[BlackElo "2460"]

1.d4 Nf6 2.c4 g6 3.Nc3 d5 4.cxd5 Nxd5 5.e4 Nxc3 6.bxc3 Bg7 7.Be3 c5 8.Qd2 Qa5
9.Rc1 cxd4 10.cxd4 Qxd2+ 11.Kxd2 O-O 12.Nf3 Nc6 13.d5 Rd8 14.Ke1 Nb4 15.Bd2 a5
16.a3 Na6 17.Bxa5 Rd6 18.Bc3 Bxc3+ 19.Rxc3 e6 20.Bc4 Nc5 21.Nd2 Na4 22.Rf3 Nb6
23.dxe6 fxe6 24.Bb3 Bd7 25.Rc3 Kh8 26.Bc2 Ba4 27.Bxa4 Nxa4 28.Rc2 Rd3 29.Ke2 Rxa3
30.Rhc1  1/2-1/2

[Event "Budapest FS12 IM"]
[Site "Budapest"]
[Date "1994.??.??"]
[Round "4"]
[White "Letreguilly, Olivier"]
[Black "Honfi, Karoly"]
[Result "0-1"]
[WhiteElo "2295"]
[BlackElo "2380"]

1.d4 Nf6 2.c4 g6 3.Nc3 d5 4.cxd5 Nxd5 5.e4 Nxc3 6.bxc3 Bg7 7.Nf3 c5 8.Be2 Nc6
9.Rb1 O-O 10.d5 Ne5 11.Nxe5 Bxe5 12.Qd2 b6 13.f4 Bg7 14.c4 e6 15.O-O Ba6
16.Bb2 Re8 17.Bxg7 Kxg7 18.f5 exf5 19.exf5 Qh4 20.Rf2 f6 21.Rb3 Bxc4 22.Rf4 Qg5
23.Bxc4 Re4 24.g3 Rxc4 25.h4 Qh6 26.Qe2 Rxf4 27.Qe7+ Kh8 28.gxf4 Qxh4 29.Rh3 Qg4+
30.Kh2 Qxf4+ 31.Kh1 Qc1+ 32.Kh2 Qb2+ 33.Kg1 Qa1+ 34.Kh2 Qxa2+ 35.Kg1 Qa1+
36.Kg2 Qb2+ 37.Kf1 Qa1+ 38.Kg2 Qa2+ 39.Kg1 Qb1+ 40.Kg2 Qb2+ 41.Kf1 h5 42.fxg6 Qb1+
43.Kg2 Qxg6+ 44.Rg3 Re8 45.Qd7 Qe4+ 46.Kh2 Qe2+ 47.Rg2 Qe7 48.Qf5  0-1

[Event "Budapest FS08 GM"]
[Site "Budapest"]
[Date "1994.??.??"]
[Round "6"]
[White "Stanojevic, Branko"]
[Black "Horvath, Csaba"]
[Result "1/2-1/2"]
[WhiteElo "2340"]
[BlackElo "2540"]

1.c4 g6 2.d4 Nf6 3.Nc3 d5 4.cxd5 Nxd5 5.e4 Nxc3 6.bxc3 Bg7 7.Bc4 O-O 8.Ne2 c5
9.O-O Nc6 10.Be3 Bg4 11.f3 Bd7 12.Rb1 a6 13.dxc5 Qc7 14.Bd4 Rfd8 15.Bd5 Na5
16.c6 Bxd4+ 17.cxd4 Bxc6 18.Qc2 Rac8 19.Rfc1 e6 20.Bxc6 Nxc6 21.Qc5 Qd7 22.Rd1 b5
23.a4 bxa4 24.Qa3 Na5 25.Rb4 Nc4 26.Qd3 Nd6 27.Ra1 a5 28.Rbxa4 Nb7 29.Qe3 Rc2
30.h4 Qb5 31.Nc3 Qb2 32.Rb1 Rxg2+ 33.Kf1 Qc2 34.Ra2 Qxb1+ 35.Nxb1 Rxa2 36.Qb3 Ra1
37.Qxb7 Ra4 38.d5 Rb4 39.Qe7 Rxb1+ 40.Kf2 Rf8 41.dxe6 Rbb8 42.h5 fxe6 43.Qxe6+ Kg7
44.Qe5+ Kh6 45.f4 Rbe8 46.Qg5+ Kg7 47.Kf3 Re6 48.h6+ Kh8 49.Qxa5 Ref6 50.Qe5 Kg8
51.Ke3 R8f7 52.Qe8+ Rf8 53.Qe7 R8f7 54.Qd8+ Rf8 55.Qd4 R8f7 56.Qd8+ Rf8 57.Qe7 R8f7
58.Qe8+  1/2-1/2

[Event "Budapest FS03 IM-A"]
[Site "Budapest"]
[Date "1994.??.??"]
[Round "6"]
[White "Sapi, Laszlo"]
[Black "Wapner, Jonathan"]
[Result "1-0"]
[WhiteElo "2285"]
[BlackElo "2155"]

1.d4 Nf6 2.c4 g6 3.Nc3 d5 4.cxd5 Nxd5 5.e4 Nxc3 6.bxc3 Bg7 7.Bc4 c5 8.Ne2 Nc6
9.Be3 O-O 10.O-O Bg4 11.f3 Na5 12.Bd5 cxd4 13.cxd4 Bd7 14.Rb1 Bc6 15.Bxc6 bxc6
16.Qa4 Qc7 17.Rfc1 Rfc8 18.d5 Nb7 19.Rxc6 Qd7 20.Bd4 Bxd4+ 21.Nxd4 Nd6 22.e5 Nf5
23.Rxg6+ hxg6 24.Qxd7 Nxd4 25.Qxe7 Nf5 26.Qf6 Rab8 27.Rxb8 Rxb8 28.e6 Rb7
29.g4 Rb1+ 30.Kf2  1-0

[Event "Elekes mem"]
[Site "Budapest"]
[Date "1994.??.??"]
[Round "6"]
[White "Danner, Georg"]
[Black "Kolbus, Dietmar"]
[Result "0-1"]
[WhiteElo "2440"]
[BlackElo "2365"]

1.d4 Nf6 2.c4 g6 3.Nc3 d5 4.cxd5 Nxd5 5.e4 Nxc3 6.bxc3 Bg7 7.Bc4 O-O 8.Ne2 c5
9.O-O Nc6 10.Be3 Qc7 11.Rb1 Na5 12.Bd3 Rd8 13.Bf4 e5 14.Bg3 Qe7 15.d5 c4
16.Bc2 f5 17.f3 f4 18.Bf2 b6 19.Ba4 Bf6 20.Qc1 Bd7 21.Bxd7 Qxd7 22.g4 Qe7
23.Qe1 h5 24.Kh1 hxg4 25.fxg4 g5 26.Ng1 Kf7 27.Nf3 Nb7 28.Rg1 Rg8 29.Qe2 Nd6
30.Nd2 Rac8 31.h4 Rh8 32.h5 Qd7 33.Rg2 Kg7 34.Nf3 Rhe8 35.Rbg1 Kh8 36.Rh2 Qh7
37.Nd2 Kg8 38.Rb1 Rc7 39.Kg2 Kh8 40.Rhh1 Kg8 41.Rb2 Kh8 42.Rhb1 Qd7 43.Kf3 Kg7
44.Rb4 Rec8 45.Qd1 b5 46.R4b2 a6 47.Qg1 Be7 48.a4 Rb7 49.axb5 axb5 50.Ra2 Nf7
51.Nf1 b4 52.cxb4 c3 53.Nh2 Rxb4 54.Rxb4 Bxb4 55.Qb1 Qb5 56.Qc2 Qc4 57.Ra7 Rc7
58.Rxc7 Qxc7 59.Kg2 Qc8 60.Kh3 Nh6 61.Bb6 Ng8 62.Nf3 Qa6 63.Nxg5 Qxb6 64.Ne6+ Kf7
65.Kh4 Be7+ 66.g5 Qe3 67.Kg4 Bd6 68.Nd8+ Kg7 69.Ne6+ Kh7 70.Nf8+ Bxf8 71.Kf5 Bg7
72.Ke6 f3 73.g6+ Kh6 74.d6 Nf6 75.d7 Nxd7 76.Kxd7 Qd2+  0-1

[Event "Budapest FS03 IM-B"]
[Site "Budapest"]
[Date "1994.??.??"]
[Round "6"]
[White "Kerek, Csaba"]
[Black "Schmidt, B."]
[Result "1/2-1/2"]
[WhiteElo "2150"]
[BlackElo "2265"]

1.d4 Nf6 2.c4 g6 3.Nc3 d5 4.cxd5 Nxd5 5.e4 Nxc3 6.bxc3 Bg7 7.Bb5+ c6 8.Ba4 b5
9.Bb3 b4 10.Qf3 O-O 11.Ne2 a5 12.h4 h5 13.e5 a4 14.Bc4 Ba6 15.Bxa6 Rxa6 16.cxb4 Nd7
17.g4 Bxe5 18.gxh5 Bxd4 19.Nxd4 Ne5 20.Qe4 Qxd4 21.Qxd4 Nf3+ 22.Kf1 Nxd4
23.Bg5 Nf5 24.Rg1 Kg7 25.hxg6 f6 26.Be3 Nxh4 27.f4 Nf5 28.Bc5 Raa8 29.Re1 Rae8
30.Re6 Rh8 31.Kf2 Rh2+ 32.Rg2 Rxg2+ 33.Kxg2 Rc8 34.Bxe7 Nxe7 35.Rxe7+ Kxg6
36.Re3 Kf5 37.Ra3 Kxf4 38.Rxa4 Ke3 39.Ra5 Rg8+ 40.Kf1 Rg4 41.Ra3+ Kd4 42.Rf3 Ke5
43.Rb3 Kd5 44.Kf2 Kc4 45.Rb1 Kb5 46.a3 Ka4 47.Ke2 Rg3 48.Rc1 Kb5 49.Rc5+ Kb6
50.a4 Rg4 51.a5+ Kb7 52.b5 cxb5 53.Rxb5+  1/2-1/2

[Event "Budapest FS05 IM"]
[Site "Budapest"]
[Date "1994.??.??"]
[Round "6"]
[White "Piven, Igor"]
[Black "Vadasz, Laszlo"]
[Result "0-1"]
[WhiteElo "2340"]
[BlackElo "2365"]

1.d4 Nf6 2.c4 g6 3.Nc3 d5 4.cxd5 Nxd5 5.e4 Nxc3 6.bxc3 Bg7 7.Be3 O-O 8.Qd2 c5
9.Rc1 cxd4 10.cxd4 e6 11.Nf3 b6 12.Bh6 Bb7 13.Bxg7 Kxg7 14.Qe3 Qd6 15.Bd3 Nc6
16.O-O Rad8 17.e5 Qd7 18.Be4 Ne7 19.Bxb7 Qxb7 20.Qf4 Nd5 21.Qh4 Rc8 22.Ng5 h6
23.Ne4 Rxc1 24.Rxc1 Rc8 25.Rxc8 Qxc8 26.g3 Qc1+ 27.Kg2 Qc2 28.Nf6 Qxa2 29.Ne8+ Kh7
30.Nd6 Qe2 31.Kg1 g5  0-1

[Event "Budapest Honved"]
[Site "Budapest"]
[Date "1994.??.??"]
[Round "7"]
[White "Gaertner, Guntram"]
[Black "Ruck, Robert"]
[Result "0-1"]
[WhiteElo "2325"]
[BlackElo "2435"]

1.d4 Nf6 2.c4 g6 3.Nc3 d5 4.cxd5 Nxd5 5.e4 Nxc3 6.bxc3 Bg7 7.Bc4 c5 8.Ne2 Nc6
9.Be3 O-O 10.O-O Qc7 11.Rc1 Rd8 12.Bf4 Qd7 13.d5 Na5 14.Bd3 e5 15.Be3 b6
16.f4 Nb7 17.Qd2 Qe7 18.fxe5 Bxe5 19.Bg5 f6 20.Bh4 Nd6 21.Kh1 Bg4 22.Ng1 g5
23.Bf2 Kh8 24.Be3 Rg8 25.Nf3 Bxf3 26.gxf3 Rg6 27.Rf2 Rag8 28.Rg1 Qg7 29.c4 Qd7
30.Rfg2 Qh3 31.Qf2 Nf7 32.Bf1 Qd7 33.Bd3 Qd6 34.a4 R6g7 35.a5 Bf4 36.Bxf4 Qxf4
37.axb6 axb6 38.Rg4 Qd6 39.f4 gxf4 40.Rxg7 Rxg7 41.Rf1 Ne5 42.Qxf4 Rg4 43.Qf5 Rh4
44.Qxf6+ Qxf6 45.Rxf6 Kg7 46.Rf5 Nxd3 47.d6 Nb4 48.d7 Nc6 49.Re5 Rf4 50.Re6 Nd8
51.Rxb6 Rf8 52.e5 Kf7 53.Rh6 Rh8 54.Kg2 Ke7 55.Rd6 Nb7 56.Rb6 Nd8 57.Kf3 Kxd7
58.Ke4 Re8 59.Rf6 Re6 60.Rf2 Nc6 61.Rf7+ Re7 62.Rf5 Re6 63.Rf7+ Ke8 64.Rf5 Ne7
65.Rh5 h6 66.Rh3 Rg6 67.Kf4 Rb6 68.Ra3 Rb4 69.e6 Rxc4+ 70.Ke5 Rd4 71.h3 Rd5+
72.Kf6 c4 73.Ra8+ Rd8 74.Ra7 Nd5+ 75.Ke5 Ne7 76.Kf6 Ng8+ 77.Kg7 Rc8  0-1

[Event "Budapest FS03 GM"]
[Site "Budapest"]
[Date "1994.??.??"]
[Round "7"]
[White "Silman, Jeremy D"]
[Black "Horvath, Jozsef"]
[Result "0-1"]
[WhiteElo "2405"]
[BlackElo "2515"]

1.d4 Nf6 2.c4 g6 3.Nc3 d5 4.cxd5 Nxd5 5.e4 Nxc3 6.bxc3 Bg7 7.Bb5+ c6 8.Ba4 b5
9.Bb3 b4 10.Qf3 O-O 11.e5 Bb7 12.h4 bxc3 13.Ne2 h5 14.Qxc3 Na6 15.Be3 e6
16.f4 c5 17.dxc5 Bxg2 18.Rh2 Bd5 19.Rd1 Nc7 20.f5 Nb5 21.Qb2 Qb8 22.f6 Bxf6
23.exf6 Qxh2 24.Bxd5 exd5 25.Qxb5 Rfe8 26.Bd4 Re4 27.Qd3 Rae8 28.Rd2 Qh1+
29.Kf2 Rxh4 30.Ng1 Rf4+ 31.Nf3 Qe1+ 32.Kg2 Rg4+ 33.Kh2 Qg3+ 34.Kh1 Qh3+ 35.Rh2 Qxf3+  0-1

[Event "Budapest FS12 IM"]
[Site "Budapest"]
[Date "1994.??.??"]
[Round "8"]
[White "Zimmerman, Yuri"]
[Black "Honfi, Karoly"]
[Result "1-0"]
[WhiteElo "2320"]
[BlackElo "2380"]

1.d4 Nf6 2.c4 g6 3.Nc3 d5 4.cxd5 Nxd5 5.e4 Nxc3 6.bxc3 Bg7 7.Nf3 c5 8.Rb1 O-O
9.Be2 cxd4 10.cxd4 Qa5+ 11.Bd2 Qxa2 12.O-O a5 13.d5 e6 14.d6 Bd7 15.e5 Bc6
16.Qc1 Be4 17.Rb5 Nd7 18.Qc3 Rfc8 19.Ra1 Qc2 20.Qe3 Bxf3 21.Bd3 Bh6 22.Bxc2 Bxe3
23.Bxe3 Bd5 24.Bb3 Bxb3 25.Rxb3 b6 26.f4 Rc6 27.Rb5 Kf8 28.Kf2 Ke8 29.g4 f6
30.h4 fxe5 31.fxe5 Ra6 32.h5 gxh5 33.gxh5 a4 34.Bd4 Rc4 35.Ke3 a3 36.Kd3 Raa4
37.Bxb6 Re4 38.Kc3 Nxe5 39.Kb3 Rac4 40.Bc5 Rh4 41.Rb8+ Kd7 42.Rb7+ Kc6 43.Rc7+ Kb5
44.Rb1 Nc6 45.d7 Nb4 46.Rb7+ Kxc5 47.Rc7+ Kb5 48.Rxc4 Rh3+ 49.Rc3 a2 50.Ra1 Rxc3+
51.Kxc3 Nc6 52.Rxa2 Kb6 53.Rg2 Kc7 54.h6 Kxd7 55.Rg7+ Ke8 56.Rxh7 Ne5 57.Rb7 Kf8
58.Rb8+ Kf7 59.h7  1-0

[Event "Budapest Honved"]
[Site "Budapest"]
[Date "1994.??.??"]
[Round "9"]
[White "Beck, Hartmuth"]
[Black "Horvath, Jozsef"]
[Result "0-1"]
[WhiteElo "2285"]
[BlackElo "2520"]

1.d4 Nf6 2.c4 g6 3.Nc3 d5 4.cxd5 Nxd5 5.e4 Nxc3 6.bxc3 Bg7 7.Nf3 c5 8.Rb1 O-O
9.Be2 Qc7 10.h3 b6 11.O-O Bb7 12.Bd3 Nd7 13.Qe2 Rac8 14.Bg5 e6 15.e5 Nb8
16.Rbd1 Nc6 17.Bb1 cxd4 18.cxd4 Nb4 19.Rc1 Qd7 20.Qd2 Nd5 21.Nh2 Rxc1 22.Rxc1 Rc8
23.Rxc8+ Qxc8 24.Be4 Qc4 25.Ng4 h5 26.Nf6+ Nxf6 27.Bxb7 Nd5 28.Be3 Bf8 29.Kh2 a5
30.Qb2 b5 31.Ba6 Nc7 32.Bb7 Nd5 33.Ba6 Nb4 34.Bxb5 Qxb5 35.a3 Qc4 36.axb4 Bxb4
37.Qa1 Qc2 38.Qf1 Qc6 39.Qb1 Kf8 40.Kg3 Ke8 41.Qa2 Kd7 42.Bd2 Qb5 43.Bxb4 Qxb4
44.d5 Qc3+ 45.Kh4 Qd4+ 46.g4 exd5 47.Qxa5 Qxf2+ 48.Kg5 Ke6 49.Qc3 hxg4 50.hxg4 d4
51.Qc6+ Kxe5 52.Qe8+ Kd5 53.Qa8+ Kc4 54.Qa4+ Kd3 55.Qa3+ Ke2 56.Qa2+ Ke3
57.Qb3+ d3 58.Qb6+ Ke2 59.Qb5 Qe3+ 60.Kf6 Qf4+ 61.Kg7 Qxg4 62.Qb2+ d2 63.Kxf7 Qf5+
64.Kg7 g5  0-1

[Event "Budapest FS08 IM"]
[Site "Budapest"]
[Date "1994.??.??"]
[Round "10"]
[White "Vigh, Bela"]
[Black "Farago, Sandor"]
[Result "1/2-1/2"]
[WhiteElo "2405"]
[BlackElo "2360"]

1.d4 Nf6 2.c4 g6 3.Nc3 d5 4.cxd5 Nxd5 5.e4 Nxc3 6.bxc3 Bg7 7.Nf3 O-O 8.Be2 c5
9.O-O cxd4 10.cxd4 Nc6  1/2-1/2

[Event "Budapest FS06 GM"]
[Site "Budapest"]
[Date "1994.??.??"]
[Round "10"]
[White "Farago, Ivan"]
[Black "Nikolaidis, Ioannis"]
[Result "1/2-1/2"]
[WhiteElo "2515"]
[BlackElo "2410"]

1.d4 Nf6 2.c4 g6 3.Nc3 d5 4.cxd5 Nxd5 5.e4 Nxc3 6.bxc3 Bg7 7.Bc4 O-O 8.Ne2 c5
9.O-O Nc6 10.Be3 Bg4 11.f3 cxd4 12.cxd4 Na5 13.Bd3 Be6 14.d5 Bxa1 15.Qxa1 f6
16.Rb1 b6 17.Bh6 Re8 18.Qd4 Bf7 19.Bb5 e5 20.Qd3 Re7 21.Bd2 Nb7 22.Bb4 Nc5
23.Qd2 Qd6 24.Nc3 Be8 25.Bf1 Rc7 26.h3 Kg7 27.a4 Bd7 28.Nb5 Bxb5 29.axb5 Rf8
30.Rc1 Rff7 31.Qe3 Rfe7  1/2-1/2

[Event "Budapest FS04 IM (Women)"]
[Site "Budapest"]
[Date "1994.??.??"]
[Round "11"]
[White "Mackova, Eva"]
[Black "Tarasova, Oksana"]
[Result "1-0"]
[WhiteElo "2150"]
[BlackElo "2170"]

1.d4 Nf6 2.c4 g6 3.Nc3 d5 4.cxd5 Nxd5 5.e4 Nxc3 6.bxc3 Bg7 7.Bc4 O-O 8.Ne2 Nc6
9.Be3 b6 10.h4 Na5 11.Bd3 c5 12.h5 Bb7 13.hxg6 hxg6 14.Qd2 cxd4 15.cxd4 e5
16.d5 f5 17.Bh6 Qd7 18.Qg5 Rf6 19.exf5 gxf5 20.Ng3 e4 21.Bb5 Qe7 22.Qxg7+ Qxg7
23.Bxg7 Kxg7 24.Nh5+ Kg6 25.Nxf6 a6 26.Bc6 Kxf6 27.Bxb7 Nxb7 28.Rh6+ Ke5
29.Rxb6 Nc5 30.d6 Na4 31.Rc6 Kd5 32.Rac1 Nb2 33.R1c5+ Ke6 34.Ra5 Nd3+ 35.Ke2 Rg8
36.g3 Rb8 37.Rc2 Rb1 38.Ke3 Nb4 39.Rd2 Re1+ 40.Kf4 Nd3+ 41.Kg5 f4 42.gxf4 Rg1+
43.Kh4 Rh1+ 44.Kg3 Rg1+ 45.Kh2 Rg8 46.Rg5 Rd8 47.Kg3 Kf6 48.Rxd3 exd3 49.Rd5 Ke6
50.Rxd3 Rd7 51.Kf3 a5 52.Ke4 a4 53.f5+ Kf7 54.Ke5 Ke8 55.Ke6  1-0